| 000 | 00950cam a2200289 a 4500 | ||
|---|---|---|---|
| 008 | |||
| 020 | _a9781412920865 (pbk.) | ||
| 049 | _aMAIN | ||
| 090 |
_aHM621 _bCUL |
||
| 245 | 0 | 0 |
_aCultural expression, creativity and innovation / _cedited by Helmut K. Anheier, Yudhishthir Raj Isar [and] Christopher Waterman. |
| 260 |
_aLondon : _bSAGE, _c2010. |
||
| 300 |
_axxvi,460 p. : _bcol. ill. ; _c25 cm. |
||
| 490 | 1 | _aThe cultures and globalization series. | |
| 504 | _aIncludes bibliographical references. | ||
| 500 | _alnclude index. | ||
| 650 | 0 | _aCulture and globalization. | |
| 650 | 0 | _aArts and globalization. | |
| 650 | 0 | _aCreative ability. | |
| 700 | 1 | _aWaterman, Christopher Alan. | |
| 700 | 1 | _aAnheier, Helmut K. | |
| 700 | 1 | _aIsar, Yudhishthir Raj. | |
| 907 |
_a.b1031281x _b07-06-12 _c24-04-12 |
||
| 003 | |||
| 005 | 20230123125427.0 | ||
| 040 | _cNUST | ||
| 942 |
_cBOOKS _kHM621 _mCUL |
||
| 999 |
_c141308 _d141308 |
||